rock music lyrics - Statistics

General Stats
  • This quiz has been taken 682 times
  • The average score is 2 of 15
Answer Stats
Hint Answer % Correct
me and some guys from school had a band and we tryed real hard jimmy quit joey got married should have known we never get far summer of 69
71%
mama were all full of lies mama where ment for the flies mama
29%
good god your coming up with reasons good god you dragging it out good god its the changing of the seasons fake it
21%
you left me drowning in my tears and you wont save me anymore i pray to god you give me one more chance girl i'll be there for you
13%
dont cry to me if you loved me you would be here with me call me when youre sober
12%
this is a story of a girl who cryed a river and drowned the whole world absolutely
9%
all that still matters is love ever after life after you
8%
i know a thousand ways to help you forget about her that bitch can eat her heart out love bites ( So do i)
8%
it was a rainey night when you came into sight stanging by the road no umbrella no coat all i wanna do is make love to you
6%
here we are and i cant think from all the pills start the car and take me home just tonight
6%
we stuck it out this far together put our dreams thru the shredder so lets tost cause things got better here's to us
5%
hello hello its only me im every thing you cant control somewhere beyond the pain there must be a way to believe what you want
5%
never knew what love could feel like until i walked away the first time alive
4%
thats right deliver it to my heart please strike be deliverate coming undone
4%
i dont believe its happened to me running back into you hopeless world but i dont mind cause its all the same i dont believe
1%
No matching quizzes found
Score Distribution
Percent of People with Each Score
Percentile by Number Answered
Your Score History
You have not taken this quiz